Загрузка...

Concepts of religion in the Mahabharata /

Библиографические подробности
Главный автор: Trikha, Urmila Rani
Формат: Printed Book
Язык:English
Опубликовано: Delhi : Nag Pub., 1980.
Предметы:
LEADER 00523nam a2200157Ia 4500
008 150624b xxu||||| |||| 00| 0 eng d
999 |c 46865  |d 46865 
082 |a 294.592309 
100 |a Trikha, Urmila Rani 
245 |a Concepts of religion in the Mahabharata /  |c Urmila Rani Trikha 
260 |a Delhi :  |b Nag Pub.,  |c 1980. 
300 |a 179 p. 
650 |a Mahabharata 
650 |a Hindu mythology 
942 |c BK 
952 |0 0  |1 0  |4 0  |6 294_592309000000000_TRI_C  |7 0  |9 46848  |a UL  |b UL  |c ST2  |d 2017-10-13  |l 0  |o 294.592309 TRI/C  |p 68773  |r 2012-10-27  |y BK